Statistics for General Knowledge Quiz #105

Click here to take the quiz!

General Stats

  • This quiz has been taken 54,230 times
  • The average score is 11 of 20

Answer Stats

Question Answer % Correct
What food is sometimes called the French version of a pancake?Crêpe
87%
What country is 2,600 miles long, but less than 220 miles in width?Chile
84%
Most people have 23 pairs of these. Women and men share 22. What are they?Chromosomes
75%
What is the last name of musical brothers Nick, Joe, and Kevin?Jonas
72%
What item was once sold on the streets by children yelling "Extra! Extra!"?Newspapers
67%
What is the typical method of execution in Saudi Arabia?Beheading
67%
What nation's flag depicts the yin-yang symbol?South Korea or Mongolia
60%
What was the profession of W. B. Yeats?Poet
57%
Terra revolves around Sol. What revolves around Terra?Luna
54%
What is either a type of tree or an expensive ski resort in Colorado?Aspen
51%
In what modern day country did the Anglo-Boer war take place?South Africa
49%
What is the all-time winningest team in the Bundesliga?Bayern Munich
46%
Australia has two national animals. One is the kangaroo. What's the other one?Emu
43%
What country gets nearly 75% of its electricity from nuclear power?France
43%
Whose three sons were named Japheth, Ham, and Shem?Noah
37%
Which Stephen King book is about a rabid Saint Bernard?Cujo
35%
What popular TV show had a spin-off called "Torchwood"?Doctor Who
32%
In which U.S. state is Ben & Jerry's headquartered?Vermont
32%
In the phrase "filthy lucre", what is lucre?Money
31%
What city has been called "The Paris of the Pampas"?Buenos Aires
30%

Score Distribution

Percentile by Number Answered

Percent of People with Each Score

Your Score History

You have not taken this quiz